000
00228nam a2200085Ia 4500
008
220204s9999 xx 000 0 und d
082
_a
06.055.5:633.73
_b
COF
245
0
_a
Coffee Board, Annual Report, 1956-1958, 1970-71
942
_c
BK
999
_c
21775
_d
21775